Southville International School and Colleges
Your cart is empty.
  • Cart
  • Lists
    Public lists Eva Luna New books Lux_list list_1
    Your lists Log in to create your own lists
  • Log in to your account
  • Your cookies
  • Search history
Southville International School and Colleges
  • Advanced search
  • Recent comments
  • Most popular
  • Libraries

Log in to your account

Log in with GOOGLE


If you do not have an external account, but do have a local account, you can still log in:

  1. Home
  2. MARC view: Eeyore, be happy :
Normal view MARC view ISBD view

Eeyore, be happy : (Record no. 104447)

[ view plain ]
MARC details
000 -LEADER
fixed length control field 00543nam a2200205 a 4500
005 - DATE AND TIME OF LATEST TRANSACTION
control field 20140412111323.0
008 - FIXED-LENGTH DATA ELEMENTS--GENERAL INFORMATION
fixed length control field 001108s19uu xx 00 eng d
020 ## - INTERNATIONAL STANDARD BOOK NUMBER
International Standard Book Number 0-307-00645-x
050 ## - LIBRARY OF CONGRESS CALL NUMBER
Classification number ER
Item number Wi63ee 1991
050 ## - LIBRARY OF CONGRESS CALL NUMBER
Classification number ER
Item number Po78ee 1998
100 ## - MAIN ENTRY--PERSONAL NAME
Personal name Ferguson, Don
245 ## - TITLE STATEMENT
Title Eeyore, be happy :
Remainder of title Winnie the pooh /
Statement of responsibility, etc written by Don Ferguson.
260 ## - PUBLICATION, DISTRIBUTION, ETC. (IMPRINT)
Place of publication, distribution, etc New York :
Name of publisher, distributor, etc A Golden Book,
Date of publication, distribution, etc 1991.
300 ## - PHYSICAL DESCRIPTION
Extent [23] p. ; ill.
650 ## - SUBJECT ADDED ENTRY--TOPICAL TERM
Topical term or geographic name as entry element Fairy tales
650 ## - SUBJECT ADDED ENTRY--TOPICAL TERM
Topical term or geographic name as entry element Folklore
Holdings
Withdrawn status Lost status Damaged status Use restrictions Home library Current library Shelving location Date acquired Source of acquisition Total Checkouts Full call number Barcode Date last seen Price effective from Koha item type
        Elizalde Library Elizalde Library Easy Reading Section 03/20/2001     ER Wi63ee 1991 E7852 04/12/2014 04/12/2014 Books
        Elizalde Library Elizalde Library Easy Reading Section 03/07/2002     ER Po78ee 1998 E2781 04/12/2014 04/12/2014 Books
        Elizalde Library Elizalde Library Easy Reading Section 04/08/2003     ER Wi63ee 1991 E6634 04/12/2014 04/12/2014 Books

Eeyore, be happy :

APA

Ferguson D., . (1991). Eeyore, be happy. New York: A Golden Book.

Chicago

Ferguson Don, . 1991. Eeyore, be happy. New York: A Golden Book.

Harvard

Ferguson D., . (1991). Eeyore, be happy. New York: A Golden Book.

MLA

Ferguson Don, . Eeyore, be happy. New York: A Golden Book. 1991.

  • Place hold
  • Print
  • Cite
  • Add to your cart (remove)
  • Save record
    BIBTEX Dublin Core MARCXML MARC (non-Unicode/MARC-8) MARC (Unicode/UTF-8) MARC (Unicode/UTF-8, Standard) MODS (XML) RIS
  • More searches
    Search for this title in:
    Other Libraries (WorldCat) Other Databases (Google Scholar) Online Stores (Bookfinder.com) Open Library (openlibrary.org)

Exporting to Dublin Core...

SOUTHVILLE LIBRARY

Southville International School and Colleges Library

1281 Tropical Ave. Cor. Luxembourg St., BF Homes International, Las Pinas City

Tel. No. 8256374 / 252358 Loc. 117/146

Powered by Koha